000 00456nam a2200181Ia 4500
001 3907
005 20260306145717.0
008 260306t2022||||xx |||||||||||||| ||spa||
041 _aESP
082 _a305.40985
_bS25
100 _aSantiváñez, César,
_eAUT
245 0 _aSarita Román :
_bser y hacer en los Barracones del Callao
260 _c2022
300 _a63 páginas :
_c24 cm.
650 _aGEN
654 _aCHU
942 _cLIB
_dJUS
_fJUS
_2ddc
_n
999 _c3907
_d3907